000 01221nam a22001697a 4500
003 SGT
020 _a9788131725993
082 _a338.5.PIN
100 _aPINDYCK,ROBERT S.
245 _aMICROECONOMICS
250 _a7TH
260 _aNEW DELHI
_bPEARSON
_c2015
300 _a674
650 _aGENERAL PRODUCTION ECONOMICS
653 _aTABLE OF CONTENT PART I:INTRODUCTION: MARKETS AND PRICES 1. PRELIMINARIES 2. DEMAND AND SUPPLY PART II: PRODUCERS, CONSUMERS, AND COMPETITIVE MARKETS 3. CONSUMER CHOICE 4. INDIVIDUAL AND MARKET DEMAND 5. PRODUCTION 6. THE COST OF PRODUCTION 7. PROFIT MAXIMIZATION AND PERFECT COMPETITION 8. THE ANALYSIS OF COMPETITIVE MARKETS PART III: MARKET STRUCTURE AND COMPETITIVE STRATEGY 9. MARKET POWER: MONOPOLY AND MONOPSONY 10. PRICING WITH MARKET POWER 11. MONOPOLISTIC COMPETITION AND OLIGOPOLY 12. GAME THEORY AND COMPETITIVE STRATEGY 13. PRICE AND EMPLOYMENT OF FACTOR INPUTS 14. INVESTMENT, TIME, AND CAPITAL MARKETS PART IV: INFORMATION, MARKET FAILURE, AND THE ROLE OF GOVERNMENT 14. GENERAL EQUILIBRIUM AND ECONOMIC EFFICIENCY 15. EXTERNALITIES AND PUBLIC GOODS 16. MARKETS WITH ASYMMETRIC INFORMATION PART V: RISK AND UNCERTAINTY 17. CHOICE INVOLVING RISK
942 _2ddc
_cFCM
_012
999 _c9010
_d9010